00342nam a2200133Ia 4500008004100000020001500041041000800056082001600064100002300080245003000103260004300133300001800176650001400194180314s9999 xx 000 0 und d a0870553224 aeng a576.163 BAN aBanwart, George J. 0aBasic food microbiology / aAVI Pub. Co.,bWestport, Conn. :c1979 avii, 773 p. ; achemistry